| 000 | 01198nam a22003857a 4500 | ||
|---|---|---|---|
| 001 | BR2011004605 | ||
| 003 | BR-BrBNA | ||
| 005 | 20230928103740.0 | ||
| 007 | ta | ||
| 008 | 230509b bl.||||| |||| 00| 0 por d | ||
| 040 |
_aBR-BrBNA _bpor _cBiblioteca Nacional de Agricultura |
||
| 041 | _a(Por) | ||
| 072 |
_aL73 _b4150 |
||
| 090 | _ 4150 BR2011004605 | ||
| 100 | 1 | _aSilveira, A.M. da | |
| 100 | 1 | _aSantos Filho, B. da C. | |
| 100 | 1 | _aGuimarães, E. de F. | |
| 100 | 1 | _aJunchaya, L.R. | |
| 100 | 1 | _aSilva, N.F. da | |
| 100 | 1 | _aSantos Lima, P.A. dos | |
| 100 | 1 | _aRomeno, R.M. | |
| 111 | 1 |
_a2. Curso de epidemiologia e sistemas de informação centro pan-americano de febre aftosa _cRio de Janeiro, RJ (Brazil) _d13-14 Oct 1977 |
|
| 245 | 1 | _aEstudo de fatores que incidem na apresentação da estomatite vesicular na área de Itacambira, Estado de Minas Gerais, Brasil | |
| 260 | 3 | _aItacambira, MG (Brasil): | |
| 300 | _a48 P. | ||
| 500 | _a16 tables | ||
| 650 | _aESTOMATITE | ||
| 650 | _aDOENÇA ANIMAL | ||
| 650 | _aVÍRUS | ||
| 650 | _aITACAMBIRA | ||
| 650 | _aMINAS GERAIS | ||
| 650 | _aERRADICAÇÃO | ||
| 909 |
_a202309 _bLucia _c55 _dLucia Elande |
||
| 942 | _cBK | ||
| 999 |
_c76447 _d76447 |
||